Empréstitos y tipos de interés /

Պահպանված է:
Մատենագիտական մանրամասներ
Այլ հեղինակներ: Fontanals i Albiol, Hortènsia (autor) (autor), Meseguer Artola, Antoni (asesoría) (asesoría)
Ձևաչափ: Գիրք
Լեզու:իսպաներեն
Հրապարակվել է: Barcelona, España : Universidad Abierta de Cataluña, 2001, c2001
Շարք:(Biblioteca Lectus Universitaria. Economía y Empresa)
Խորագրեր:
Ցուցիչներ: Ավելացրեք ցուցիչ
Չկան պիտակներ, Եղեք առաջինը, ով նշում է այս գրառումը!

MARC

LEADER 00000nam^a2200000^a^4500
001 000136192
005 20250521000000.0
009 20260310095308.567
020 |a 84-8429-219-3 
037 |a Acervo ITESO - Biblioteca 
041 |a ESP 
082 |a 332. 0151  |b EMP 
245 0 0 |a Empréstitos y tipos de interés /  |c H. Fontanals i Albiol... [et al.] ; asesoría de A. Meseguer Artola. 
264 4 |a Barcelona, España :  |b Universidad Abierta de Cataluña,  |c 2001, c2001 
300 |a 160 p. +  |e 1 disco compacto de computadora 
336 |a texto  |b txt  |2 rdacontenido 
337 |a sin mediación  |b n  |2 rdamedio 
338 |a volumen  |b nc  |2 rdasoporte 
440 1 |a (Biblioteca Lectus Universitaria.  |p Economía y Empresa) 
649 |a XX 
650 |a Crédito 
650 |a Interés (Economía) 
650 |a Finanzas 
650 |a Bancos y Operaciones Bancarias 
650 |a Economía 
650 |a Matemáticas Financieras 
700 |a Fontanals i Albiol, Hortènsia  |e (autor) 
700 |a Meseguer Artola, Antoni  |e (asesoría) 
910 |a Fondo General 
920 |a Impresos - Libros 
930 |a Colección General 
905 |a 101 
901 |a 0500064824  |b IT1  |c ACC  |u 20250521 
901 |a SFW0001042  |b IT2  |c SWS  |u 20250521 
902 |a https://opac.biblio.iteso.mx/vufind/Record/000136192